Prolog

שמור ב:
מידע ביבליוגרפי
מחבר ראשי: Ivan Bratko
פורמט: ספר
יצא לאור: Pearson
תגים: הוספת תג
אין תגיות, היה/י הראשונ/ה לתייג את הרשומה!

MARC

LEADER 00000nam a2200000Ia 4500
005 20260515061615.0
100 |a Ivan Bratko 
020 |a 9788131711347 
942 |c BK 
245 |a Prolog  
260 |b Pearson 
999 |c 23  |d 23 
952 |0 0  |1 0  |4 0  |7 0  |a ABDN  |b ABDN  |d 2026-05-15  |l 0  |p 000094  |r 2026-05-15 06:16:15  |w 2026-05-15  |y BK